Imágenes sociales de la modernización y la transformación tecnológica
সংরক্ষণ করুন:
| সংস্থা লেখক: | |
|---|---|
| বিন্যাস: | পাঠ্য |
| প্রকাশিত: |
Santiago:
CEPAL
|
| ট্যাগগুলো: |
ট্যাগ যুক্ত করুন
কোনো ট্যাগ নেই, প্রথমজন হিসাবে ট্যাগ করুন!
|
MARC
| LEADER | 00000 a a2200000 04500 | ||
|---|---|---|---|
| 001 | 23607 | ||
| 003 | |||
| 040 | |||
| 020 | |a 92-1-321410-3 | ||
| 090 | |a 168600 | ||
| 110 | |a CEPAL | ||
| 245 | |a Imágenes sociales de la modernización y la transformación tecnológica | ||
| 260 | |a Santiago: |b CEPAL | ||
| 300 | |a 198 p | ||
| 999 | |c 8421 |d 8421 | ||



